All Native British Amphibians by Photo - Statistics

General Stats
  • This quiz has been taken 6 times
  • The average score is 4 of 10
Answer Stats
Picture Answer % Correct
Common Toad
75%
Great Crested Newt
75%
Common Frog
50%
Natterjack Toad
50%
Great Crested Newt
25%
Palmate Newt
25%
Smooth Newt
25%
Smooth Newt
25%
Palmate Newt
0%
Pool Frog
0%
No matching quizzes found
Score Distribution
Percent of People with Each Score
Percentile by Number Answered
Your Score History
You have not taken this quiz